America: a narrative history (Record no. 5225)
[ view plain ]
| 000 -LEADER | |
|---|---|
| fixed length control field | 00513 a2200169 4500 |
| 020 ## - INTERNATIONAL STANDARD BOOK NUMBER | |
| International Standard Book Number | 039397443X |
| 040 ## - CATALOGING SOURCE | |
| Original cataloging agency | DLC |
| Language of cataloging | DLC |
| 082 00 - DEWEY DECIMAL CLASSIFICATION NUMBER | |
| Classification number | 973 |
| 100 1# - MAIN ENTRY--PERSONAL NAME | |
| Personal name | Tindall, George Brown. |
| 245 10 - TITLE STATEMENT | |
| Title | America: a narrative history |
| Remainder of title | a narrative history |
| Statement of responsibility, etc. | George Brown Tindall, David Emory Shi. |
| 250 ## - EDITION STATEMENT | |
| Edition statement | Brief 5th ed. |
| 260 ## - PUBLICATION, DISTRIBUTION, ETC. | |
| Place of publication, distribution, etc. | New York : |
| Name of publisher, distributor, etc. | W.W. Norton, |
| Date of publication, distribution, etc. | 2000. |
| 300 ## - PHYSICAL DESCRIPTION | |
| Extent | xx, 632, A110 p. : |
| Other physical details | ill., col. maps ; |
| Dimensions | 24 cm. |
| 651 #0 - SUBJECT ADDED ENTRY--GEOGRAPHIC NAME | |
| Geographic name | United States |
| General subdivision | History. |
| 700 1# - ADDED ENTRY--PERSONAL NAME | |
| Personal name | Shi, David E. |
| 942 ## - ADDED ENTRY ELEMENTS (KOHA) | |
| Koha item type | Book |
| Call number prefix | 973 TIN |
| Source of classification or shelving scheme | |
| Withdrawn status | Lost status | Damaged status | Not for loan | Collection code | Permanent Location | Current Location | Shelving location | Date acquired | Source of acquisition | Cost, normal purchase price | Total Checkouts | Full call number | Barcode | Date last seen | Date last checked out | Price effective from | Koha item type |
|---|---|---|---|---|---|---|---|---|---|---|---|---|---|---|---|---|---|
| Central Library (CL) | Central Library (CL) | General Stacks | 07/09/2005 | Donation | 0.00 | 1 | 973 TIN | SEECS005999 | 05/30/2025 | 02/25/2022 | 01/05/2017 | Book |
